Republic of Madagascar : Joint Staff Assessment of the Poverty Reduction Strategy Paper.

The report reviews the Joint Staff Assessment (JSA) on Madagascar's Poverty Reduction Strategy Paper (PRSP). The full PRSP is built on the interim poverty reduction strategy. The report evaluates both strengths and weaknesses of Madagascar's poverty reduction objectives and strategies, and...

Descripció completa

Dades bibliogràfiques
Autor corporatiu: International Monetary Fund
Format: Revista
Idioma:English
Publicat: Washington, D.C. : International Monetary Fund, 2004.
Col·lecció:IMF Staff Country Reports; Country Report ; No. 2004/043
Accés en línia:Full text available on IMF
LEADER 01660cas a2200241 a 4500
001 AALejournalIMF002885
008 230101c9999 xx r poo 0 0eng d
020 |c 5.00 USD 
020 |z 9781451825275 
022 |a 1934-7685 
040 |a BD-DhAAL  |c BD-DhAAL 
110 2 |a International Monetary Fund. 
245 1 0 |a Republic of Madagascar :   |b Joint Staff Assessment of the Poverty Reduction Strategy Paper. 
264 1 |a Washington, D.C. :  |b International Monetary Fund,  |c 2004. 
300 |a 1 online resource (16 pages) 
490 1 |a IMF Staff Country Reports 
500 |a <strong>Off-Campus Access:</strong> No User ID or Password Required 
500 |a <strong>On-Campus Access:</strong> No User ID or Password Required 
506 |a Electronic access restricted to authorized BRAC University faculty, staff and students 
520 3 |a The report reviews the Joint Staff Assessment (JSA) on Madagascar's Poverty Reduction Strategy Paper (PRSP). The full PRSP is built on the interim poverty reduction strategy. The report evaluates both strengths and weaknesses of Madagascar's poverty reduction objectives and strategies, and considers whether the PRSP provides a sound basis for concessional assistance and for debt relief under the Enhanced Heavily Indebted Poor Countries (HIPC) Debt Initiative. The JSA considers Madagascar PRSP as a major accomplishment and provides a sound basis for IMF concessional assistance. 
538 |a Mode of access: Internet 
830 0 |a IMF Staff Country Reports; Country Report ;  |v No. 2004/043 
856 4 0 |z Full text available on IMF  |u http://elibrary.imf.org/view/journals/002/2004/043/002.2004.issue-043-en.xml  |z IMF e-Library